| 000 -LEADER |
| fixed length control field |
00472pab a2200169 454500 |
| 008 - FIXED-LENGTH DATA ELEMENTS--GENERAL INFORMATION |
| fixed length control field |
180718b2005 xxu||||| |||| 00| 0 eng d |
| 100 ## - MAIN ENTRY--PERSONAL NAME |
| Personal name |
Pattnaik, Binay Kumar |
| 245 ## - TITLE STATEMENT |
| Title |
Perceiving the role of grassroots NGOs: from the new social movement perspective |
| 260 ## - PUBLICATION, DISTRIBUTION, ETC. |
| Date of publication, distribution, etc. |
2005 |
| 300 ## - PHYSICAL DESCRIPTION |
| Extent |
p.1-24. |
| 362 ## - DATES OF PUBLICATION AND/OR SEQUENTIAL DESIGNATION |
| Dates of publication and/or sequential designation |
Sep |
| 650 ## - SUBJECT ADDED ENTRY--TOPICAL TERM |
| Topical term or geographic name entry element |
Social movements |
| 650 ## - SUBJECT ADDED ENTRY--TOPICAL TERM |
| Topical term or geographic name entry element |
Nongovernmental Organizations |
| 700 ## - ADDED ENTRY--PERSONAL NAME |
| Personal name |
Panda, Biswambhar |
| 773 ## - HOST ITEM ENTRY |
| Main entry heading |
Social Change |
| 909 ## - |
| -- |
68342 |